Statistics for Word Puzzles - NBA

Click here to take the quiz!

General Stats

  • This quiz has been taken 718 times
    (705 since last reset)
  • The average score is 20 of 45

Answer Stats

ClueAnswer% Correct
Often done on a phoneCall
70%
I, me, __My
70%
I buzz and stingBee
67%
Someone you work with is your __ - WorkerCo
67%
Sometimes short for JonnyJohn
61%
"I will now show you a _____ trick."Magic
60%
Short for EmilyEm
59%
Small insectAnt
57%
Meaning "Me"I
57%
Common J name for both first and last namesJordan
57%
If it is cold out and chilly, you often say this.Brrr
55%
Feathered flying animalBird
54%
H,I,J,K,L,M,N,_O
54%
Most people travel to work in a ___.Car
52%
To slam a basketball through the netDunk
51%
Shortened name for TimothyTim
51%
Opposite of "Yes"No
50%
Meaning you may be strong, muscular, and is located on the stomachAb
48%
Abbreviation for "I am"I'm
48%
(Person)Kobe Bryant
47%
Moe, _____, CurlyLarry
47%
When a dentist says to "Open up" you say "__".Ah
46%
(Person)Magic Johnson
46%
A large ball of fiery gasSun
46%
(Person)Michael Jordan
45%
(Person)Larry Bird
44%
When two people are swordfighting, they are having a ____.Duel
43%
Located on the footToe
42%
(Person)Tim Duncan
41%
Raggedy __An
39%
To bend down on your kneesKneel
37%
(Person)Kareem Abdul-Jabbar
35%
An animal in the ocean that can give a painful shock.Eel
34%
Sometimes referred to as a "Funny Story"Joke
34%
You often need to pay a ____.Bill
31%
An outdoor playground areaPark
31%
(Person)Joakim Noah
30%
Talk rapidly and excitedly but with little senseJabber
29%
Patellar regionKnee
29%
A dilapidated buildingShack
29%
(Person)Shaquille O'Neal
29%
When you don't exactly know what to say, you may sar "Uh.....__....."Er
25%
(Person)Tony Parker
24%
(Person)Bill Russell
19%
To steal livestockRustle
14%

Score Distribution

Percentile by Number Answered

Percent of People with Each Score

Your Score History

You have not taken this quiz since the last reset